<?xml version="1.0" encoding="UTF-8"?>
<marc:record xmlns:marc="http://www.loc.gov/MARC21/slim">
   <marc:leader>00000nam a2200000 a 4500</marc:leader>
   <marc:datafield ind1="1" ind2=" " tag="100">
      <marc:subfield code="a">Haynes, Todd</marc:subfield>
      <marc:subfield code="4">drt</marc:subfield>
      <marc:subfield code="e">Regisseur/-in</marc:subfield>
   </marc:datafield>
   <marc:datafield ind1="0" ind2="0" tag="245">
      <marc:subfield code="a">Vergiftete Wahrheit</marc:subfield>
   </marc:datafield>
   <marc:datafield ind1=" " ind2="1" tag="264">
      <marc:subfield code="a">Berlin</marc:subfield>
      <marc:subfield code="b">Tobis Film</marc:subfield>
      <marc:subfield code="c">2021</marc:subfield>
   </marc:datafield>
   <marc:datafield ind1="1" ind2=" " tag="520">
      <marc:subfield code="a">Cincinnati, 1998. Der erfolgreiche Wirtschaftsanwalt Rob Bilott (Mark Ruffalo) gerät in einen Zwiespalt, als ihn zwei Farmer auf merkwürdige Vorgänge in Parkersburg, West Virginia, aufmerksam machen, wo eine große Zahl von Kühen auf rätselhafte Weise verendet ist. Die Farmer vermuten dahinter den Chemiekonzern DuPont, für den Bilott selbst als Anwalt arbeitet. Trotz dieses Interessenskonflikts will der gewissenhafte Jurist den Fall vorbehaltlos aufklären und findet tatsächlich schnell belastende Indizien, die auf einen Umweltskandal von ungeheurem Ausmaß hindeuten. Unterstützt von seinem Boss Tom Terp (Tim Robbins) und seiner Frau Sarah (Anne Hathaway) stürzt sich Bilott aufopferungsvoll in eine langwierige Auseinandersetzung, die ihn seinen Ruf, seine Gesundheit, privates Glück und vielleicht sogar sein Leben kosten könnte...</marc:subfield>
   </marc:datafield>
   <marc:datafield ind1=" " ind2=" " tag="020">
      <marc:subfield code="a">4061229150309</marc:subfield>
      <marc:subfield code="9">4061229150309</marc:subfield>
   </marc:datafield>
   <marc:datafield ind1=" " ind2=" " tag="300">
      <marc:subfield code="a">1 DVD</marc:subfield>
   </marc:datafield>
</marc:record>
